| 000 | 01191nam a2200361Ia 4500 | ||
|---|---|---|---|
| 001 | 035993 | ||
| 008 | 221003m2013 xx 000 0 val d | ||
| 035 | _aCENDO_26167 | ||
| 041 | _aval | ||
| 245 | 0 |
_aSense profes, no hi ha escola : _bCampanya Mundial Per L'Educació 2013 |
|
| 260 |
_a[S.l.] : _bFederació d'Ensenyament de CCOO PV, _c2013 |
||
| 300 |
_a1 p. ; _c 30 cm |
||
| 500 | _aEn: T.E. : País Valencià, n. 340 (febrero 2013), p. 7 | ||
| 650 |
_aSISTEMA EDUCATIVO _9915 |
||
| 650 | 0 |
_aPERSONAL DOCENTE _95294 |
|
| 650 |
_aEDUCACION _9431 |
||
| 650 |
_aENSEÑANZA PUBLICA _94635 |
||
| 650 |
_aESCOLARIDAD _99798 |
||
| 650 |
_aENSEÑANZA _9699 |
||
| 650 | 0 |
_aACTITUD SINDICAL _961 |
|
| 650 | 0 |
_aCOMUNIDADES AUTONOMAS _9344 |
|
| 650 |
_aPAIS VALENCIANO _91970 |
||
| 710 | 2 |
_aCCOO. _bFederación de Enseñanza. _bFederación del País Valenciano _920422 |
|
| 856 |
_zPDF _uhttp://docpublicos.ccoo.es/cendoc/035993SenseProfes.pdf |
||
| 901 | _a0 | ||
| 903 | _aNO | ||
| 904 | _a000 | ||
| 907 | _aSistema Educativo | ||
| 953 |
_d2013-03-13 _yDOCU_ELEC _hT.E. : País Valencià, n. 340 (febrero 2013), p. 7 _tPS19 |
||
| 999 |
_c26166 _d26166 |
||
| 910 | _a2013 | ||
| 942 | _cDOCU_ELEC | ||